000 00692nam a2200181 i 4500
001 129788
003 ES-MaACL
005 20230906193557.0
007 t|
008 070705s1915 sp ||||1| spa d
100 1 _aZuazo y Palacios, Julián.
_9118387
245 1 3 _aLa villa de Montealegre y su Cerro de los Santos /
_cpor Julián Zuazo y Palacios ; prólogo de Rodrigo Amador de los Ríos.
260 _aMadrid :
_bHijos de Gómez Fuentenebro,
_c1915.
300 _aXII, 222 p. :
_bil. ;
_c18 cm.
651 4 _aCerro de los Santos (Albacete)-
_xExcavaciones arqueológicas.
_98030
700 1 _aAmador de los Ríos y Fernández de Villalta, Rodrigo.
_9149674
852 _aES-MaACL
_jG-482
999 _c129788
_d129788